Statistics for The Many Adventures of Winnie the Pooh Characters Quiz

Click here to take the quiz!

General Stats

  • This quiz has been taken 106 times
  • The average score is 9 of 10

Answer Stats

DescriptionCharacter% Correct
A little pig who is Pooh's best friendPiglet
100%
The hyperactive tiger who bounces on his tailTigger
100%
A yellow bear who loves honeyWinnie the Pooh
100%
The hopping animal who likes to keep things neatRabbit
98%
The boy who made all of the charactersChristopher Robin
94%
The mother kangarooKanga
92%
The bird who thinks he is very smartOwl
92%
The baby kangarooRoo
92%
The donkey who is very depressedEeyore
90%
The animal who lives in underground tunnels and disapproves of their actionsGopher
60%

Score Distribution

Percentile by Number Answered

Percent of People with Each Score

Your Score History

You have not taken this quiz